000 00785nam a2200241Ia 4500
003 OSt
005 20220930193207.0
006 a|||||r|||| 00| 0
007 ta
008 220926b |||||||| |||| 00| 0 eng d
024 _a11202
037 _cDissertations
040 _aCRL
_cCRL
_beng
041 _2eng
_aeng
100 _aMoitra Monika
_9562056
110 _aUniversity of Delhi. Faculty of Medical Sciences. Department of Paediatrics
245 0 _aEffect of caloric density of complementary foods on total Ad-Libitum consumption in Breast-Fed infants
260 _c1996
650 _aCHILDREN - DISEASES
700 _aUniversity of Delhi. Faculty of Medical Sciences. Department of Paediatrics
942 _cDIS
_2CC
999 _c896188
_d896188